Vista normal
Vista MARC
Entrada Corporate Name
Número de registros utilizados en: 3
001 - CONTROL NUMBER
- control field: 10750
003 - CONTROL NUMBER IDENTIFIER
- control field: DLC
005 - DATE AND TIME OF LATEST TRANSACTION
- control field: 20241205162159.0
008 - FIXED-LENGTH DATA ELEMENTS
- fixed length control field: 980311n| azannaabn |a ana c
010 ## - LIBRARY OF CONGRESS CONTROL NUMBER
- LC control number: nr 98009211
040 ## - CATALOGING SOURCE
- Modifying agency: DLC
- Original cataloging agency: NjR
- Language of cataloging: spa
- Description conventions: rda
- Transcribing agency: Mx-PuUPA
- Modifying agency: DLC
- Modifying agency: Mx-PuUPA
110 2# - HEADING--CORPORATE NAME
- Corporate name or jurisdiction name as entry element: Museo de la Basílica de Guadalupe,
374 ## - OCCUPATION
- Occupation: Autor
377 ## - ASSOCIATED LANGUAGE
- Language code: spa
410 2# - SEE FROM TRACING--CORPORATE NAME
- Corporate name or jurisdiction name as entry element: Museum of the Basílica of Guadalupe
410 2# - SEE FROM TRACING--CORPORATE NAME
- Corporate name or jurisdiction name as entry element: Museo de la Basílica de la Virgen de Guadalupe
670 ## - SOURCE DATA FOUND
- Source citation: La Reina de las Américas, c1996:
- Information found: t.p. verso (Museum of the Basílica of Guadalupe) foreword (Museo de la Basílica de Guadalupe)
670 ## - SOURCE DATA FOUND
- Source citation: Las transformaciones de los exvotos pictográficos guadalupanos (1848-1999), 2014:
- Information found: p. 4 of cover (Museo de la Basílica de la Virgen de Guadalupe)
670 ## - SOURCE DATA FOUND
- Source citation: El divino pintor : la creación de Maria Guadalupe en el taller celestial, 2002:
- Information found: t.p. (Museo de la Basílica de Guadalupe)
670 ## - SOURCE DATA FOUND
- Source citation: Biblioteca del congreso (Estados Unidos), 12 marzo 2020:
- Information found: Catálogo electrónico
- Uniform Resource Identifier: http://bit.ly/38KWsJp